00827nam a2200193 u 450000100100000000500170001000800410002702000150006804000250008308200160010824501190012426000960024330000110033960000520035065000600040291000370046295201190049999900150061800000179720200929145715.0090715s1999 bl o 000 0 por d a8570042078 aDO-SdBNPbspacBNPHU a923.2bB23800aRui Barbosa :bfotobiografia /c[projeto, seleção de imagens e frases de Rui Barbosa, Mario Brockmann Machado. a[Rio de Janeiro] :bFundação Casa de Rui Barbosa : Fundação Banco do Brasil,c1999. a119 p.14aBARBOSA, RUId1849-1923vOBRAS ILUSTRADAS95835 4aPolíticoszBrasilxBiografiasxObras ilustradas95836 aValidado. Control de calidad MFF 001052708MOaGRbGRcCTd2009-06-29iLF1l0o923.2 B238p1797-10r2020-06-25w2020-06-25y2ZPréstamo interno c1674d1674